| 000 | 02387nam a2200481Ia 4500 | ||
|---|---|---|---|
| 001 | ebr10255175 | ||
| 003 | CaPaEBR | ||
| 006 | m u | ||
| 007 | cr cn||||||||| | ||
| 008 | 080729s2007 fr a sb i001 0 eng d | ||
| 020 | _z9789283212911 | ||
| 020 | _z9283212916 | ||
| 040 |
_aCaPaEBR _cCaPaEBR |
||
| 035 | _a(OCoLC)549589240 | ||
| 050 | 1 | 4 |
_aRC268.7.O72 _bI19 2007eb |
| 110 | 2 |
_aIARC Working Group on the Evaluation of Carcinogenic Risks to Humans _d(2005 : _cLyon, France) |
|
| 245 | 1 | 0 |
_aCombined estrogen-progestogen contraceptives and combined estrogen-progestogen menopausal therapy _h[electronic resource]. |
| 260 |
_aLyon, France : _bInternational Agency for Research on Cancer ; _aGeneva : _bDistributed by WHO Press, _c2007. |
||
| 300 |
_aix, 528 p. : _bill. |
||
| 490 | 1 |
_aIARC monographs on the evaluation of carcinogenic risks to humans ; _vv. 91 |
|
| 500 | _aAt head of title: World Health Organization, International Agency for Research on Cancer. | ||
| 500 | _a"This publication represents the views and expert opinions of an IARC Working Group on the Evaluation of Carcinogenic Risks to Humans, which met in Lyon, 7-14 June 2005." | ||
| 504 | _aIncludes bibliographical references and cumulative index. | ||
| 533 |
_aElectronic reproduction. _bPalo Alto, Calif. : _cebrary, _d2011. _nAvailable via World Wide Web. _nAccess may be limited to ebrary affiliated libraries. |
||
| 650 | 0 |
_aProgestational hormones _xCarcinogenicity. |
|
| 650 | 0 |
_aProgestational hormones _xSide effects. |
|
| 650 | 0 |
_aCatechol estrogens _xCarcinogenicity. |
|
| 650 | 0 |
_aEstrogen _xCarcinogenicity. |
|
| 650 | 0 |
_aCatechol estrogens _xSide effects. |
|
| 650 | 0 |
_aEstrogen _xSide effects. |
|
| 650 | 0 |
_aContraception _xComplications. |
|
| 650 | 0 |
_aMenopause _xHormone therapy _xComplications. |
|
| 650 | 0 | _aChemical carcinogenesis. | |
| 650 | 0 |
_aCancer _xRisk factors. |
|
| 650 | 0 |
_aWomen _xDiseases _xRisk factors. |
|
| 650 | 0 |
_aOral contraceptives _xCarcinogenicity. |
|
| 655 | 7 |
_aElectronic books. _2local |
|
| 710 | 2 | _aWorld Health Organization. | |
| 710 | 2 | _aInternational Agency for Research on Cancer. | |
| 710 | 2 | _aebrary, Inc. | |
| 830 | 0 |
_aIARC monographs on the evaluation of carcinogenic risks to humans ; _vv. 91. |
|
| 856 | 4 | 0 |
_uhttp://site.ebrary.com/lib/rucke/Doc?id=10255175 _zAn electronic book accessible through the World Wide Web; click to view |
| 999 |
_c14817 _d14817 |
||